000
00216nam a22000977a 4500
999
_c
16011
_d
16011
003
OSt
008
191026b ||||| |||| 00| 0 eng d
100
_a
Guptan,Nair S
_9
4473
245
_a
Anchu laghu nadangal
942
_c
BK